[Event "7th HD Bank Cup 2017"]
[Site "Ho Chi Minh City VIE"]
[Date "2017.03.14"]
[Round "5.26"]
[White "Laylo, Darwin"]
[Black "Nguyen, Dang Hong Phuc"]
[Result "1/2-1/2"]
[WhiteTitle "GM"]
[BlackTitle "FM"]
[WhiteElo "2445"]
[BlackElo "2280"]
[WhiteFideId "5201330"]
[BlackFideId "12402761"]
[EventDate "2017.03.12"]

1. d4 Nf6 2. c4 e6 3. Nf3 b6 4. a3 Ba6 5. Qc2 Bb7 6. Nc3 c5 7. d5 exd5 8. cxd5
Nxd5 9. Nxd5 Bxd5 10. e4 Be6 11. Bf4 Be7 12. Rd1 Qc8 13. Nd4 O-O 14. Nb5 a6 15.
Nd6 Bxd6 16. Bxd6 Re8 17. e5 Nc6 18. Bd3 f5 19. Bxf5 Bxf5 20. Qxf5 Nxe5 21. O-O
Nf7 22. h4 Qc6 23. Bg3 Re6 24. Rd2 1/2-1/2

[Event "7th HD Bank Cup 2017"]
[Site "Ho Chi Minh City VIE"]
[Date "2017.03.14"]
[Round "5.29"]
[White "Tokhirjonova, Gulrukhbegim"]
[Black "Vo, Thanh Ninh"]
[Result "1/2-1/2"]
[WhiteTitle "WGM"]
[BlackTitle "IM"]
[WhiteElo "2297"]
[BlackElo "2414"]
[WhiteFideId "14203626"]
[BlackFideId "12402141"]
[EventDate "2017.03.12"]

1. e4 c5 2. Nf3 Nc6 3. Bb5 g6 4. O-O Bg7 5. c3 Nf6 6. Re1 O-O 7. h3 Ne8 8. a4
Nc7 9. d4 cxd4 10. cxd4 a6 11. Bf1 d5 12. e5 Bf5 13. Be3 Bxb1 14. Rxb1 a5 15.
Qb3 Nb4 16. Bd2 Nca6 17. Bxa6 Rxa6 18. Bxb4 axb4 19. Qxb4 Qd7 20. b3 Bh6 21. Re2
Rc8 22. Rbe1 Qc7 23. Nh2 Rb6 24. Qa5 Rxb3 25. Qxd5 Rb4 26. Ng4 Bg7 27. Qe4 Rd8
28. Rd1 Rxa4 29. Ne3 b5 30. Rb2 Qc3 31. Rxb5 Raxd4 32. Rxd4 Qxd4 1/2-1/2

[Event "7th HD Bank Cup 2017"]
[Site "Ho Chi Minh City VIE"]
[Date "2017.03.14"]
[Round "5.30"]
[White "Tran, Ngoc Lan"]
[Black "Cao, Sang"]
[Result "1/2-1/2"]
[BlackTitle "GM"]
[WhiteElo "2254"]
[BlackElo "2406"]
[WhiteFideId "12401811"]
[BlackFideId "725056"]
[EventDate "2017.03.12"]

1. e4 c5 2. Nc3 Nc6 3. g3 g6 4. Bg2 Bg7 5. d3 d6 6. f4 e6 7. Nf3 Nge7 8. O-O O-O
9. Be3 Rb8 10. a4 Nd4 11. Rb1 Nec6 12. Ne2 Qa5 13. b3 a6 14. c4 b5 15. axb5 axb5
16. Nfxd4 cxd4 17. Bd2 Qb6 18. Qc2 Bd7 19. Ra1 bxc4 20. bxc4 Qb2 21. Ra2 Qxc2
22. Rxc2 Rb3 23. Ra1 Rfb8 24. Nc1 Nb4 25. Bxb4 R3xb4 26. Kf2 e5 27. Bf3 h5 28.
Ra6 R4b6 29. Rca2 Bg4 30. Bxg4 hxg4 31. Rxb6 Rxb6 32. fxe5 Bxe5 33. Ke1 Kg7 34.
Rf2 Bf6 35. Kd1 Bg5 36. Kc2 Be3 37. Re2 Ra6 38. Nb3 f5 39. exf5 gxf5 40. Kb2 Ra8
41. Na1 Rb8+ 42. Ka2 Kf6 43. Nc2 Ke5 44. Nxe3 dxe3 45. Rxe3+ Kd4 46. Re6 Kxd3
47. Rxd6+ Kxc4 48. Rf6 Rb5 49. h3 gxh3 50. Rh6 Kd5 51. Rxh3 Rb8 52. Rh5 Ke6 53.
Rh6+ Ke5 54. Ra6 Rb4 55. Rc6 Ke4 56. Ka3 Rd4 57. Kb2 Rd2+ 58. Kc1 Rg2 59. Rc3
Rf2 60. Kd1 Rf3 61. Rc4+ Ke3 62. Ke1 Rxg3 63. Rc3+ Kf4 64. Rc4+ Kf3 65. Kf1 Rh3
66. Rc3+ Kg4 67. Rxh3 Kxh3 68. Kf2 Kg4 69. Kg2 Kf4 70. Kf2 Ke4 71. Ke2 f4 72.
Kf2 f3 73. Kf1 Ke5 74. Kf2 1/2-1/2

[Event "7th HD Bank Cup 2017"]
[Site "Ho Chi Minh City VIE"]
[Date "2017.03.14"]
[Round "5.31"]
[White "Vignesh, N R"]
[Black "Kathmale, Sameer"]
[Result "1/2-1/2"]
[WhiteTitle "IM"]
[BlackTitle "IM"]
[WhiteElo "2405"]
[BlackElo "2323"]
[WhiteFideId "25012215"]
[BlackFideId "5024498"]
[EventDate "2017.03.12"]

1. e4 c6 2. d4 d5 3. Nc3 dxe4 4. Nxe4 Bf5 5. Ng3 Bg6 6. Nf3 Nf6 7. h4 Nh5 8.
Nxh5 Bxh5 9. Be2 e6 10. Be3 Qa5+ 11. c3 Nd7 12. Nd2 Bxe2 13. Qxe2 Nb6 14. h5 Be7
15. Qg4 Rg8 16. Qf5 h6 17. Bf4 Qd5 18. Qxd5 exd5 19. O-O-O Kd7 20. g4 g5 21.
hxg6 Rxg6 22. Nf3 f6 23. Rdg1 Rag8 24. Rxh6 Rxg4 25. Rxg4 Rxg4 26. Bg3 Ke8 27.
Rh8+ Bf8 28. Bd6 Nd7 29. Kd2 Kf7 30. Bg3 Rg8 31. Rh1 Bg7 32. b3 Rh8 33. Rxh8
Bxh8 34. c4 Bg7 35. Kd3 Kg6 36. Nd2 Kf5 37. cxd5 cxd5 38. Nb1 a6 39. Nc3 Ke6 40.
Bf4 Bf8 41. Ne2 Bd6 42. Bxd6 Kxd6 1/2-1/2

[Event "7th HD Bank Cup 2017"]
[Site "Ho Chi Minh City VIE"]
[Date "2017.03.14"]
[Round "5.33"]
[White "Kavinda, Akila"]
[Black "Torre, Eugenio"]
[Result "1/2-1/2"]
[BlackTitle "GM"]
[WhiteElo "2084"]
[BlackElo "2481"]
[WhiteFideId "9901302"]
[BlackFideId "5200016"]
[EventDate "2017.03.12"]

1. Nf3 d6 2. d4 Bg4 3. Nbd2 Nf6 4. g3 Nbd7 5. Bg2 c5 6. h3 Bh5 7. O-O e6 8. a4
d5 9. a5 a6 10. c4 Be7 11. cxd5 Nxd5 12. e4 Nb4 13. d5 exd5 14. exd5 O-O 15. Nc4
Bg6 16. Ra3 Be4 17. d6 Bf6 18. Re1 Bd5 19. Nfd2 Bxg2 20. Kxg2 b5 21. axb6 Nxb6
22. Ra5 Nd3 23. Re3 Nxc1 24. Qxc1 Bg5 25. f4 Bf6 26. Nxb6 Qxb6 27. Nc4 Qc6+ 28.
Kh2 Bd4 29. Rea3 Rfe8 30. Qf1 Qd7 31. Nb6 Qf5 32. Qg2 Qb1 33. Ra1 Qd3 34. R1a3
Qd1 35. Ra1 Qd3 1/2-1/2

[Event "7th HD Bank Cup 2017"]
[Site "Ho Chi Minh City VIE"]
[Date "2017.03.14"]
[Round "5.37"]
[White "Pham, Le Thao Nguyen"]
[Black "Gatus, Edmundo"]
[Result "1/2-1/2"]
[WhiteTitle "IM"]
[WhiteElo "2351"]
[BlackElo "2247"]
[WhiteFideId "12401226"]
[BlackFideId "5202493"]
[EventDate "2017.03.12"]

1. d4 d5 2. Nf3 Nf6 3. Bf4 c5 4. e3 Qb6 5. Nc3 e6 6. Nb5 Na6 7. c3 c4 8. a4 Bd7
9. b3 Bxb5 10. axb5 Qxb5 11. bxc4 dxc4 12. Qa4 Qxa4 13. Rxa4 Nd5 14. Bxc4 Nac7
15. Bxc7 Nxc7 16. Bb3 a5 17. c4 Bb4+ 18. Ke2 b5 19. cxb5 Nxb5 20. Raa1 O-O 21.
Ne5 Rfc8 22. Ba4 Nc3+ 23. Kf3 Nxa4 24. Rxa4 Rc3 25. Rd1 Rac8 26. Nd3 Rb3 27.
Nxb4 Rxb4 28. Rxb4 axb4 29. d5 exd5 30. Rxd5 g6 31. Rb5 Rc4 32. Rb7 Rc6 33. Rxb4
Rc2 34. h4 h5 35. g3 Kg7 36. Rb7 Kf6 37. e4 Ra2 38. Ke3 Ra6 39. Kf4 Ra4 40. f3
Ra3 41. Rb6+ Ke7 42. Rb5 Kf6 43. Rb1 Rc3 44. Rd1 Ra3 45. Re1 Ra4 46. Re3 Rb4 47.
Ra3 Rc4 48. Ra6+ Kg7 49. Rd6 Rc3 50. Rd5 Kf6 51. e5+ Kg7 52. Rd7 Rc4+ 53. Ke3
Kf8 54. Rd4 Rc3+ 55. Ke4 Ra3 56. Kf4 Rb3 57. Rd8+ Kg7 58. Ke4 Rb6 59. Rd6 Rb3
60. Rd3 Rb4+ 61. Kd5 Rb5+ 62. Kd6 Rb6+ 63. Kd7 Kf8 64. f4 Ra6 65. Rc3 Ra7+ 66.
Kd6 Ra6+ 67. Rc6 Ra3 68. Rc8+ Kg7 69. Ke7 Ra6 70. Rc7 Re6+ 71. Kd7 Ra6 72. Ke8
Ra8+ 73. Kd7 Ra6 74. Kd8 Ra3 75. Ke8 Ra8+ 76. Ke7 Ra6 77. Rd7 Re6+ 78. Kd8 Ra6
79. Rd6 Ra8+ 80. Ke7 Ra7+ 81. Rd7 Ra6 82. Rd3 Re6+ 83. Kd7 Ra6 84. Rc3 Ra7+ 85.
Kd6 Ra6+ 86. Kd5 Rb6 87. Ra3 Re6 88. Rf3 Ra6 89. f5 Ra5+ 90. Kd6 gxf5 91. Rxf5
Ra6+ 92. Kd5 Kg6 93. Rg5+ Kh6 94. Rg8 Kh7 95. Rg5 1/2-1/2

[Event "7th HD Bank Cup 2017"]
[Site "Ho Chi Minh City VIE"]
[Date "2017.03.14"]
[Round "5.38"]
[White "Muminova, Nafisa"]
[Black "Nguyen, Van Thanh"]
[Result "1/2-1/2"]
[WhiteTitle "WGM"]
[BlackTitle "CM"]
[WhiteElo "2348"]
[BlackElo "2238"]
[WhiteFideId "14201526"]
[BlackFideId "12402532"]
[EventDate "2017.03.12"]

1. e4 c5 2. Nf3 g6 3. c3 Bg7 4. d4 cxd4 5. cxd4 d5 6. e5 Bg4 7. Be2 Nc6 8. Nc3
Bxf3 9. Bxf3 e6 10. O-O Nge7 11. Be3 O-O 12. Bg4 Qd7 13. Qd2 f6 14. f4 Na5 15.
b3 b6 16. Bf2 fxe5 17. fxe5 Nf5 18. Bxf5 Rxf5 19. Be3 Raf8 20. Rxf5 Rxf5 21. Bh6
Bxh6 22. Qxh6 Nc6 23. Qe3 Ne7 24. Ne2 Rf8 25. Ng3 Nf5 26. Nxf5 Rxf5 27. Rc1 Rf8
28. Qe2 Qf7 29. Rf1 Qxf1+ 30. Qxf1 Rxf1+ 31. Kxf1 Kf7 32. Ke2 1/2-1/2

[Event "7th HD Bank Cup 2017"]
[Site "Ho Chi Minh City VIE"]
[Date "2017.03.14"]
[Round "5.40"]
[White "Zhao, Shengxin"]
[Black "Wang, Jue"]
[Result "1/2-1/2"]
[WhiteTitle "WFM"]
[BlackTitle "WGM"]
[WhiteElo "2094"]
[BlackElo "2338"]
[WhiteFideId "8608040"]
[BlackFideId "8604070"]
[EventDate "2017.03.12"]

1. d4 d5 2. Nf3 Nf6 3. c4 c6 4. Qc2 dxc4 5. Qxc4 Bf5 6. g3 e6 7. Bg2 Nbd7 8. O-O
Be7 9. e3 O-O 10. Rd1 Ne4 11. h3 Rc8 12. Nfd2 Nd6 13. Qe2 c5 14. e4 Bg6 15. dxc5
Nxc5 16. Nc4 Ncxe4 17. Nba3 Qc7 18. Bf4 Qc5 19. Ne5 Nf6 20. Nxg6 hxg6 21. Rac1
Qb4 22. Bxd6 Bxd6 23. Nb5 Be7 24. a3 Qb3 25. Nxa7 Rc5 26. Qe3 Qxe3 27. fxe3 Ra5
28. Nc8 Bc5 29. Rc3 Rxc8 30. b4 Bxe3+ 31. Rxe3 Ra7 32. g4 Rca8 33. Rdd3 Nd5 34.
Bxd5 exd5 35. Kf2 Rd8 36. Re7 Kf8 37. Rc7 Rd6 38. Kf3 Ke8 39. Ke3 Rd7 40. Rxd7
Kxd7 41. Rxd5+ Kc6 42. Rc5+ Kd6 43. Rc3 Kd5 1/2-1/2

[Event "7th HD Bank Cup 2017"]
[Site "Ho Chi Minh City VIE"]
[Date "2017.03.14"]
[Round "5.42"]
[White "Thilakarathne, G M H"]
[Black "Dimakiling, Oliver"]
[Result "1/2-1/2"]
[WhiteTitle "CM"]
[BlackTitle "IM"]
[WhiteElo "2213"]
[BlackElo "2405"]
[WhiteFideId "9912053"]
[BlackFideId "5202248"]
[EventDate "2017.03.12"]

1. e4 e5 2. Nf3 Nc6 3. Bb5 a6 4. Bxc6 dxc6 5. O-O Qf6 6. d4 exd4 7. Bg5 Qd6 8.
Qxd4 Qxd4 9. Nxd4 Bd7 10. Nc3 h6 11. Be3 O-O-O 12. Rad1 Re8 13. Rd2 Nf6 14. Rfd1
Bd6 15. f3 b6 16. Nde2 Kb7 17. Bd4 Bc8 18. Kf2 Re6 19. Be3 Rhe8 20. h4 h5 21. a4
a5 22. Rd3 R6e7 23. Bg5 Re5 24. Kf1 Bc5 25. Nd4 Nh7 26. Bf4 R5e7 27. Nb3 Bb4 28.
Ne2 Be6 29. Nd2 Rd7 30. Rxd7 Bxd7 31. c3 Be7 32. Bg3 Nf8 33. Nf4 g6 34. Nc4 Bf6
35. Ne3 Bc8 36. Kf2 Nd7 37. Nd3 Nb8 38. Rd2 Na6 39. Ke2 Be6 40. c4 Bd4 41. b3
Nc5 42. Nxc5+ Bxc5 43. Rd3 f6 44. Kd2 Rg8 45. e5 fxe5 46. Bxe5 g5 47. Bd4 Bd6
48. hxg5 Rxg5 49. Ke2 b5 50. Bf6 Rg6 51. Bd4 bxa4 52. bxa4 Bf4 53. Kf2 Bg3+ 54.
Ke2 Rg8 55. Bc3 Kb6 56. Rd4 Bd6 57. Re4 Bd7 58. Rh4 Be8 59. Bd4+ c5 60. Bc3 Bg3
61. Rh1 Bd6 62. Rb1+ Ka6 63. Rb8 Ka7 64. Rd8 Be7 65. Rd5 Ka6 66. Kf2 Bh4+ 67.
Ke2 Rg5 68. Rxg5 Bxg5 69. Nd5 Bd8 70. Be5 Bxa4 71. Nxc7+ Kb7 72. Ne6 Be7 73. Ng7
h4 74. Nf5 Bd8 75. Kd2 Kc6 76. Kc3 Kd7 77. Ne3 Ke6 78. Bg7 Bc6 79. Kb3 a4+ 80.
Ka3 Bg5 81. Ng4 Bd2 82. Bf6 Be1 83. Bg5 Kf5 84. Be3 Bb4+ 85. Ka2 h3 86. gxh3
Bxf3 87. Nf2 Be2 88. Ka1 Bxc4 89. Bc1 a3 90. Kb1 Bd5 91. h4 c4 92. Nd1 Bf7 93.
Ka2 c3+ 94. Kb1 a2+ 95. Ka1 Ke4 96. Nxc3+ Bxc3+ 97. Bb2 Bd2 98. Bg7 Kf5 99. Bb2
Be1 100. Bg7 Bxh4 101. Bb2 Ke4 102. Bf6 Kd3 103. Bb2 Kc2 104. Be5 Be1 105. Bf6 1/2-1/2

[Event "7th HD Bank Cup 2017"]
[Site "Ho Chi Minh City VIE"]
[Date "2017.03.14"]
[Round "5.44"]
[White "Zou, Chen"]
[Black "Luong, Phuong Hanh"]
[Result "1/2-1/2"]
[WhiteTitle "FM"]
[WhiteElo "2338"]
[BlackElo "2148"]
[WhiteFideId "8610959"]
[BlackFideId "12401013"]
[EventDate "2017.03.12"]

1. e4 c5 2. Nf3 e6 3. d4 cxd4 4. Nxd4 a6 5. Bd3 Qc7 6. O-O Nf6 7. Qe2 Bc5 8. Nb3
Be7 9. f4 d6 10. Nc3 Nbd7 11. Bd2 b5 12. a3 Bb7 13. Rae1 O-O 14. Kh1 Nc5 15.
Nxc5 dxc5 16. e5 c4 17. Be4 Nxe4 18. Nxe4 Rad8 19. Bc3 a5 20. Qe3 Bxe4 21. Qxe4
Bc5 22. Ra1 Rd5 23. Qe1 Bb6 24. Rd1 Rxd1 25. Qxd1 Rd8 26. Qe1 g6 27. h3 Rd5 28.
Kh2 Qa7 29. Rf3 Qd7 30. Rf1 Qd8 31. g4 Qc7 32. Kg3 Qd8 33. h4 Bc7 34. Rh1 Qb8
35. Kh3 Qb7 36. Rf1 Qb6 37. Kg3 Qc5 38. Rf2 Bb6 39. Rd2 Rxd2 40. Bxd2 Qd4 41.
Bc3 Qd8 42. Kh3 Qd5 43. Kg3 Qd8 44. Qe2 Qa8 45. Qe1 h6 46. h5 gxh5 47. gxh5 Kh8
48. Bd2 Qg8+ 49. Kf3 Qd8 50. Bc3 Qd5+ 51. Kg3 Qd8 52. Kf3 Bc7 53. Kg3 Qa8 54.
Bd4 Qd5 55. c3 b4 56. axb4 axb4 57. Qf1 b3 58. Qf3 Qxf3+ 59. Kxf3 Ba5 60. f5 Kg8
61. Ke4 Kf8 62. Be3 exf5+ 63. Kxf5 Bxc3 64. Bxh6+ Kg8 65. Bc1 Be1 66. e6 fxe6+
67. Kxe6 c3 68. bxc3 Bxc3 69. Kd5 b2 70. Bxb2 1/2-1/2

[Event "7th HD Bank Cup 2017"]
[Site "Ho Chi Minh City VIE"]
[Date "2017.03.14"]
[Round "5.45"]
[White "Godbole, Atharva"]
[Black "Kyaw Lin Naing"]
[Result "1/2-1/2"]
[BlackTitle "FM"]
[WhiteElo "2100"]
[BlackElo "2289"]
[WhiteFideId "5059550"]
[BlackFideId "13002953"]
[EventDate "2017.03.12"]

1. e4 c5 2. Nf3 d6 3. d4 cxd4 4. Nxd4 Nf6 5. Nc3 a6 6. f3 e6 7. Be3 b5 8. Qd2
Nbd7 9. g4 Nb6 10. a4 bxa4 11. Nxa4 Nxa4 12. Rxa4 Bb7 13. Be2 Be7 14. O-O d5 15.
g5 Nd7 16. Rfa1 Nc5 17. Ra5 dxe4 18. f4 Qc8 19. b4 Nd7 20. b5 Nb8 21. bxa6 Nxa6
22. Bb5+ Kf8 23. Nc6 Bxc6 24. Bxa6 Qe8 25. Bc4 Rd8 26. Qc3 h6 27. Bd4 f6 28.
Bxe6 hxg5 29. fxg5 e3 30. Qxe3 Qh5 31. h3 Rxd4 32. Qxd4 Qf3 33. Qg4 Bc5+ 34.
Rxc5 Qe3+ 35. Kf1 Qxc5 36. gxf6 gxf6 37. Re1 Qc3 38. Bc4 Qxh3+ 39. Qxh3 Rxh3 40.
Re6 Rf3+ 41. Ke2 Bb7 42. Rb6 Rf4 43. Bd3 Bd5 44. Ke3 Rf3+ 45. Ke2 Rf4 1/2-1/2

[Event "7th HD Bank Cup 2017"]
[Site "Ho Chi Minh City VIE"]
[Date "2017.03.14"]
[Round "5.48"]
[White "Ning, Kaiyu"]
[Black "Lu, Chan Hung"]
[Result "1/2-1/2"]
[BlackTitle "IM"]
[WhiteElo "2022"]
[BlackElo "2243"]
[WhiteFideId "8614750"]
[BlackFideId "12402508"]
[EventDate "2017.03.12"]

1. d4 d5 2. c4 c6 3. Nf3 Nf6 4. Nc3 a6 5. e3 b5 6. c5 Bg4 7. Qb3 Nbd7 8. a4 g6
9. Na2 Bg7 10. Nb4 Qc8 11. Qa3 O-O 12. axb5 axb5 13. Qxa8 Qxa8 14. Rxa8 Rxa8 15.
Nxc6 Ra1 16. Kd1 Ne4 17. Rg1 Nxf2+ 18. Ke2 Ne4 19. Bd2 e5 20. h3 Ng3+ 21. Kf2
Ne4+ 22. Ke2 Ng3+ 23. Kf2 Ne4+ 24. Ke2 Bxf3+ 25. gxf3 Nxd2 26. Kxd2 exd4 27.
exd4 Kf8 28. Rh1 h5 29. Kc2 h4 30. Kb3 Rd1 31. Kc2 Ra1 32. Kb3 Rd1 33. Kb4 Bxd4
34. Nxd4 Rxd4+ 35. Kxb5 Ne5 36. b4 Ke7 37. Be2 Kd7 38. Ka4 Nc6 39. Rb1 Kc7 40.
Rb2 g5 41. Ka3 Ne5 42. Ka4 f5 43. Ka3 g4 44. fxg4 fxg4 45. hxg4 h3 46. b5 h2 47.
Rb1 Rd2 48. b6+ Kb8 49. Ba6 Nc4+ 50. Bxc4 dxc4 51. c6 1/2-1/2

[Event "7th HD Bank Cup 2017"]
[Site "Ho Chi Minh City VIE"]
[Date "2017.03.14"]
[Round "5.49"]
[White "Le, Minh Hoang"]
[Black "Li, Xueyi"]
[Result "1/2-1/2"]
[WhiteTitle "CM"]
[WhiteElo "2198"]
[BlackElo "2170"]
[WhiteFideId "12404683"]
[BlackFideId "8605912"]
[EventDate "2017.03.12"]

1. e4 c6 2. d4 d5 3. exd5 cxd5 4. Nf3 Nc6 5. Ne5 Nf6 6. Bb5 Qb6 7. Nc3 e6 8. O-O
Be7 9. Be3 O-O 10. Rb1 Qc7 11. f4 Ne4 12. Nxe4 dxe4 13. c3 a6 14. Ba4 b5 15. Bc2
f5 16. Qe2 Nxe5 17. fxe5 Bb7 18. g4 Bd5 19. Bb3 Qd7 1/2-1/2

[Event "7th HD Bank Cup 2017"]
[Site "Ho Chi Minh City VIE"]
[Date "2017.03.15"]
[Round "6.7"]
[White "Nguyen, Anh Dung"]
[Black "Ghosh, Diptayan"]
[Result "1/2-1/2"]
[WhiteTitle "GM"]
[BlackTitle "GM"]
[WhiteElo "2482"]
[BlackElo "2581"]
[WhiteFideId "12400025"]
[BlackFideId "5045207"]
[EventDate "2017.03.12"]

1. e4 e5 2. Nf3 Nc6 3. Bb5 a6 4. Ba4 Nf6 5. O-O Be7 6. Re1 b5 7. Bb3 d6 8. c3
O-O 9. h3 Nb8 10. d4 Nbd7 11. Nbd2 Bb7 12. Bc2 Re8 13. b4 Bf8 14. Bb2 g6 1/2-1/2

[Event "7th HD Bank Cup 2017"]
[Site "Ho Chi Minh City VIE"]
[Date "2017.03.15"]
[Round "6.22"]
[White "Puranik, Abhimanyu"]
[Black "Nguyen, Van Huy"]
[Result "1/2-1/2"]
[WhiteTitle "IM"]
[BlackTitle "IM"]
[WhiteElo "2477"]
[BlackElo "2413"]
[WhiteFideId "5061245"]
[BlackFideId "12401064"]
[EventDate "2017.03.12"]

1. Nf3 Nf6 2. g3 d5 3. Bg2 c6 4. O-O Bg4 5. d3 Nbd7 6. h3 Bh5 7. Qe1 e5 8. e4
dxe4 9. dxe4 Bc5 10. a4 O-O 11. Nh4 a5 12. Nd2 Re8 13. Kh1 Nf8 14. Nc4 Ne6 15.
c3 Nd7 16. f4 f6 17. f5 Nef8 18. Bf3 Bf7 19. Qe2 b5 20. Ne3 Qb6 21. Nhg2 bxa4
22. Ne1 a3 23. bxa3 Qb3 24. Bd2 Bxe3 25. Bxe3 Nb6 26. Nd3 Na4 27. Rfc1 Red8 28.
Nc5 Nxc5 29. Bxc5 Bc4 30. Qf2 Rab8 31. Qe1 Bd3 32. c4 Bxc4 33. Rc3 Qb5 34. Be3
Rd3 35. Rac1 Rxc3 36. Qxc3 Be2 37. Kg2 Bxf3+ 38. Kxf3 h5 39. Qxc6 Qxc6 40. Rxc6
Rb3 41. a4 Ra3 42. Rc8 Kf7 43. Rc7+ Kg8 44. Ra7 Nh7 45. h4 Rxa4 46. Ra8+ Kf7 47.
Bc5 g5 48. Ra7+ Kg8 49. Ra8+ Kg7 50. Ra7+ Kg8 51. Ra8+ Kg7 52. Ra7+ 1/2-1/2

[Event "7th HD Bank Cup 2017"]
[Site "Ho Chi Minh City VIE"]
[Date "2017.03.15"]
[Round "6.25"]
[White "Chen, Qi b"]
[Black "Vo, Thanh Ninh"]
[Result "1/2-1/2"]
[BlackTitle "IM"]
[WhiteElo "2328"]
[BlackElo "2414"]
[WhiteFideId "8614733"]
[BlackFideId "12402141"]
[EventDate "2017.03.12"]

1. e4 c5 2. Nc3 Nc6 3. Bb5 g6 4. Bxc6 dxc6 5. d3 Bg7 6. Be3 b6 7. f4 Nf6 8. h3
e5 9. Nge2 exf4 10. Nxf4 Nd7 11. O-O O-O 12. Qd2 Ne5 13. Rf2 h6 14. Raf1 Kh7 15.
b3 Bb7 16. Nce2 Qe7 17. Ng3 Rg8 18. a4 a5 19. Qd1 Qd6 20. Nfh5 gxh5 21. Nf5 1/2-1/2

[Event "7th HD Bank Cup 2017"]
[Site "Ho Chi Minh City VIE"]
[Date "2017.03.15"]
[Round "6.27"]
[White "Cao, Sang"]
[Black "Tokhirjonova, Gulrukhbegim"]
[Result "1/2-1/2"]
[WhiteTitle "GM"]
[BlackTitle "WGM"]
[WhiteElo "2406"]
[BlackElo "2297"]
[WhiteFideId "725056"]
[BlackFideId "14203626"]
[EventDate "2017.03.12"]

1. e4 e5 2. Nf3 Nc6 3. Bb5 a6 4. Ba4 Nf6 5. d3 b5 6. Bb3 Be7 7. a4 b4 8. Nbd2
O-O 9. a5 d6 10. h3 Be6 11. Nc4 Nd7 12. Be3 Bf6 13. c3 bxc3 14. bxc3 Rb8 15. Ba4
Ne7 16. O-O Ng6 17. Bc2 Be7 18. Ncd2 f5 19. exf5 Bxf5 20. Rb1 c5 21. Bb3+ Kh8
22. Bc4 d5 23. Bxd5 Bxd3 24. Ra1 Bxf1 25. Qxf1 Rb5 26. Nb3 Nf4 27. Bc4 Rb8 28.
Nfd2 Nf6 29. Rd1 Qc7 30. Bxf4 exf4 31. Re1 Bd6 32. Nf3 Nd7 33. Ng5 Ne5 34. Ne6
Qf7 35. Rxe5 Bxe5 36. Nbxc5 f3 37. Nxf8 fxg2 38. Kxg2 Qxf8 39. Nd7 Qf4 40. Nxb8
Qh2+ 41. Kf3 Qf4+ 42. Kg2 Qh2+ 43. Kf3 1/2-1/2

[Event "7th HD Bank Cup 2017"]
[Site "Ho Chi Minh City VIE"]
[Date "2017.03.15"]
[Round "6.33"]
[White "Torre, Eugenio"]
[Black "Wang, Jue"]
[Result "1/2-1/2"]
[WhiteTitle "GM"]
[BlackTitle "WGM"]
[WhiteElo "2481"]
[BlackElo "2338"]
[WhiteFideId "5200016"]
[BlackFideId "8604070"]
[EventDate "2017.03.12"]

1. d4 d5 2. Nf3 Nf6 3. Bf4 c5 4. e3 e6 5. c3 Qb6 6. Qb3 Be7 7. Nbd2 O-O 8. Rd1
Qa5 9. a3 c4 10. Qc2 b5 11. Bg5 Qd8 12. Be2 Bb7 13. Ne5 Ne8 14. Bxe7 Qxe7 15. f4
f6 16. Ng4 Nd6 17. Bf3 Nf5 18. Nf1 Nd7 19. Ng3 g6 20. Qe2 Nh4 21. O-O Rae8 22.
Qd2 a5 23. Rde1 Bc6 24. Bd1 Rb8 25. Bc2 Rb6 26. Ra1 Rfb8 27. Rfe1 b4 28. axb4
axb4 29. Ra7 R6b7 30. Rea1 b3 31. Bd1 Rxa7 32. Rxa7 h5 33. Nf2 Ra8 34. Rxa8+
Bxa8 35. Qc1 Bc6 36. Qa1 Nb6 37. Qa6 Qc7 38. Be2 Kg7 39. Qa5 Nf5 40. Nxf5+ exf5
41. Nd1 Qb7 42. Kf2 Na4 43. Bf3 Qb6 44. Qxb6 Nxb6 45. Ke1 Kf7 46. Kd2 Ke6 1/2-1/2

[Event "7th HD Bank Cup 2017"]
[Site "Ho Chi Minh City VIE"]
[Date "2017.03.15"]
[Round "6.35"]
[White "Chu, Wei Chao"]
[Black "Lin, Yi"]
[Result "1/2-1/2"]
[WhiteTitle "IM"]
[WhiteElo "2328"]
[BlackElo "2403"]
[WhiteFideId "8605661"]
[BlackFideId "8609659"]
[EventDate "2017.03.12"]

1. b3 e5 2. Bb2 Nc6 3. e3 g6 4. f4 Bg7 5. Nf3 d6 6. Bb5 Ne7 7. fxe5 O-O 8. O-O
dxe5 9. e4 a6 10. Bxc6 Nxc6 11. d3 Be6 12. Nbd2 b5 13. Kh1 h6 14. Ba3 Re8 15.
Qe1 a5 16. Qg3 a4 17. Bc5 Kh7 18. h3 Qd7 19. Qh4 Qd8 20. Qg3 Qd7 21. Qh4 Qd8 1/2-1/2

[Event "7th HD Bank Cup 2017"]
[Site "Ho Chi Minh City VIE"]
[Date "2017.03.15"]
[Round "6.40"]
[White "Muminova, Nafisa"]
[Black "Tran, Le Dan Thuy"]
[Result "1/2-1/2"]
[WhiteTitle "WGM"]
[BlackTitle "WFM"]
[WhiteElo "2348"]
[BlackElo "2028"]
[WhiteFideId "14201526"]
[BlackFideId "12403407"]
[EventDate "2017.03.12"]

1. e4 c5 2. Nf3 d6 3. d4 cxd4 4. Nxd4 Nf6 5. Nc3 a6 6. h3 b5 7. g4 Bb7 8. Bg2 e6
9. Be3 Be7 10. g5 Nfd7 11. f4 Nc6 12. Qg4 Qa5 13. Nb3 Qc7 14. O-O-O Rc8 15. Kb1
b4 16. Ne2 Nce5 17. fxe5 Nxe5 18. Qg3 Qxc2+ 19. Ka1 Qxe2 20. Nd4 Qh5 21. Bf4 Ng6
22. Bd2 Qh4 23. Qb3 O-O 24. Bxb4 Bxe4 25. Be1 Bd5 26. Bxd5 Qxd4 27. Bb7 Qc4 28.
Bxc8 Qxb3 29. axb3 Rxc8 30. h4 d5 31. Bg3 f5 32. gxf6 gxf6 33. h5 Nf8 34. Rc1
Rxc1+ 35. Rxc1 e5 36. Rc6 Kf7 37. Rxa6 Nd7 38. Kb1 f5 39. Rh6 Kg7 40. Re6 Kf7
41. Rh6 Kg7 42. Re6 Kf7 43. Rh6 1/2-1/2

[Event "7th HD Bank Cup 2017"]
[Site "Ho Chi Minh City VIE"]
[Date "2017.03.15"]
[Round "6.43"]
[White "Phan, Nguyen Mai Chi"]
[Black "Zou, Chen"]
[Result "1/2-1/2"]
[WhiteTitle "WCM"]
[BlackTitle "FM"]
[WhiteElo "2115"]
[BlackElo "2338"]
[WhiteFideId "12401684"]
[BlackFideId "8610959"]
[EventDate "2017.03.12"]

1. d4 Nf6 2. Nf3 g6 3. c4 Bg7 4. Nc3 O-O 5. e4 d6 6. Be2 e5 7. O-O Nc6 8. d5 Ne7
9. Ne1 Nd7 10. Nd3 f5 11. f3 f4 12. g4 g5 13. Bd2 h5 14. h3 Kf7 15. Be1 Rh8 16.
Kg2 Rh6 17. Bf2 Nf6 18. c5 Bd7 19. Qb3 Qh8 20. Rh1 Qh7 21. Qxb7 Rh8 22. Rhg1
hxg4 23. hxg4 Bxg4 24. Kf1 Rh1 25. fxg4 Qh3+ 26. Ke1 Rxg1+ 27. Bxg1 f3 28. Nf2
Qg2 29. Kd2 fxe2 30. Qxc7 Rh1 31. Nxh1 e1=Q+ 32. Kxe1 Qxg1+ 33. Ke2 Qxa1 34.
cxd6 Qxb2+ 35. Kd3 Nxd5 36. Nxd5 Qb1+ 37. Kd2 Qxa2+ 38. Ke3 Qa3+ 39. Nc3 Qc1+
40. Kd3 Qxh1 41. Qxe7+ Kg6 42. Qe8+ Kh7 43. d7 Qf1+ 44. Kd2 Qf4+ 45. Kc2 Qf2+
46. Kd3 Qf1+ 47. Ne2 Qb1+ 48. Ke3 Qb6+ 49. Kf3 Bf6 50. Qf7+ Kh8 51. Ng3 Qd6 52.
Qe8+ Kh7 53. Qh5+ Kg8 54. Qg6+ Kh8 55. Nf5 Qd1+ 56. Ke3 Qb3+ 57. Ke2 Qc2+ 58.
Kf1 Qd3+ 59. Kg1 Qd1+ 60. Kf2 Qd2+ 61. Kg3 Qf4+ 62. Kh3 Qf1+ 63. Kg3 Qf4+ 64.
Kh3 Qf1+ 65. Kg3 Qf4+ 66. Kg2 Qxe4+ 67. Kf2 Qc2+ 68. Ke3 Qc3+ 69. Ke2 Qc2+ 70.
Kf1 Qd1+ 71. Kf2 Qd2+ 72. Kg1 Qe1+ 73. Kh2 Qe2+ 74. Kh3 Qf1+ 75. Kg3 Qf4+ 1/2-1/2